| 000 | 00423nam a2200169Ia 4500 | ||
|---|---|---|---|
| 008 | 230711s9999||||xx |||||||||||||| ||und|| | ||
| 020 | _a978-81-8189-479-3 | ||
| 041 | _aPAN | ||
| 082 |
_a635.968 _bSR-C |
||
| 100 | _aSrivastava, R.P | ||
| 245 | 0 | _aCultivation and Uses of Aromatic Plants | |
| 260 |
_c2009 _aLucknow _bibdc Publishers |
||
| 300 | _a138p. | ||
| 650 | _aAgriculture | ||
| 700 | _aShukla, P.R. | ||
| 942 | _cBK | ||
| 999 |
_c7540 _d7540 |
||